Statystyki dla Wspinaczka część pierwsza

Kliknij tutaj aby rozwiązać quiz!

Ogólne statystyki

  • Ten quiz został rozwiązany 8 razy
  • Średni wynik to 10 z 15

Statystyki odpowiedzi

ZagadnienieOdpowiedź% Poprawnych
15Kn ile to kg?1500
88%
Jak nazywa się droga na jurze którą w 1985 roku przeszedł bez zabezpieczeń Wojciech KurtykaChiński Maharadża
88%
Jak nazywają się techniki służące do pokonywania dachu/mocnego przewieszenia bez używania stopni?(techniki najczęściej stosowane we wspinaczce lodowej i drytoolowej)Czwórka i dziewiątka
88%
Jak nazywa się Polska firma produkująca szpej do wspinaczki drytoolowej/lodowej/hakowej wywodząca się z RzeszowaKuźnia Szpeju
88%
Jakim węzłem najczęściej wiążemy się do uprzęży ?Ósemka
88%
Jak potocznie nazywa się klucz do kości?Jebadełko
75%
Gdzie używamy liny połówkowej ?Wspinaczka tradowa
75%
Jak nazywa się pasywna asekuracja w kształcie czworoboku na stalowym cięgle ?Kości
63%
Jak nazywa się punkt asekuracyjny składający się z metalowej plakietki trzymanej kotwą rozporową?Spit
63%
Według jakiej skali wyceniane są drogi wspinaczkowe na jurze(i nie tylko)?Według Skali Kurtyki
63%
Jakie obciążenie w kilogramach wytrzymuje czekan z oznaczeniem „T”?400
50%
Jak potocznie nazywa się przyrząd zaciskowy z rączką?Małpa
50%
Jak nazywa się Rosyjskie(dawniej radzieckie)wyróżnienie alpinistyczne nadawane za zdobycie wszystkich pięciu siedmiotysięczników znajdujących się w granicach byłego ZSRR?Śnieżna pantera
50%
Jak nazywa się rodzaj haka używanego do pionowych wąskich szczelin ?Bird beak
25%
Jak nazywa się typ chwytu gdzie ściskamy ściankę oddzielającą dwie dziury będące obok siebie?Okularki
25%

Rozkład punktacji

Percentyl według liczby udzielonych odpowiedzi

Procent ludzi z każdym wynikiem

Twoja historia wyników

Nie rozwiązałeś tego quizu